<?xml version="1.0" encoding="UTF-8"?>
<record
    xmlns:xsi="http://www.w3.org/2001/XMLSchema-instance"
    xsi:schemaLocation="http://www.loc.gov/MARC21/slim http://www.loc.gov/standards/marcxml/schema/MARC21slim.xsd"
    xmlns="http://www.loc.gov/MARC21/slim">

  <leader>00927nam a2200193 a 4500</leader>
  <controlfield tag="001">BRCA_1464</controlfield>
  <controlfield tag="005">20190320203435.0</controlfield>
  <controlfield tag="008">141105s1996----mx-a---###---#000-0#spa-d</controlfield>
  <datafield tag="050" ind1=" " ind2="4">
    <subfield code="a">SB253</subfield>
    <subfield code="b">.P65 1996</subfield>
  </datafield>
  <datafield tag="245" ind1="1" ind2="0">
    <subfield code="a">Polski len</subfield>
    <subfield code="b">el lino de Polonia : tradici&#xF3;n, arte, producci&#xF3;n</subfield>
    <subfield code="c">traducci&#xF3;n Madeleine Navarro Mena y Marcin Malkowski.</subfield>
  </datafield>
  <datafield tag="260" ind1=" " ind2=" ">
    <subfield code="a">Polonia</subfield>
    <subfield code="b">Instituto de Dise&#xF1;o Industrial : Embajada de la Rep&#xFA;blica de Polonia en M&#xE9;xico</subfield>
    <subfield code="c">1996</subfield>
  </datafield>
  <datafield tag="300" ind1=" " ind2=" ">
    <subfield code="a">1 v. (sin paginaci&#xF3;n)</subfield>
    <subfield code="b">il. (algunas a color)</subfield>
    <subfield code="c">22 cm.</subfield>
  </datafield>
  <datafield tag="500" ind1=" " ind2=" ">
    <subfield code="a">Cat&#xE1;logo de la exposici&#xF3;n realizada en el Museo Franz Mayer (Ciudad de M&#xE9;xico), 28 marzo - 26 mayo y en el Museo Amparo (Puebla, M&#xE9;xico), 1 - 30 julio, 1996</subfield>
  </datafield>
  <datafield tag="650" ind1="1" ind2="4">
    <subfield code="a">Lino</subfield>
    <subfield code="v">Exposiciones</subfield>
    <subfield code="x">Industria</subfield>
    <subfield code="z">Polonia</subfield>
    <subfield code="9">4791</subfield>
  </datafield>
  <datafield tag="650" ind1="1" ind2="4">
    <subfield code="a">Fibras textiles</subfield>
    <subfield code="v">Exposiciones</subfield>
    <subfield code="x">Industria</subfield>
    <subfield code="z">Polonia</subfield>
    <subfield code="9">4792</subfield>
  </datafield>
  <datafield tag="700" ind1="1" ind2=" ">
    <subfield code="a">Navarro Mena, Medeleine</subfield>
    <subfield code="9">4793</subfield>
  </datafield>
  <datafield tag="700" ind1="1" ind2=" ">
    <subfield code="a">Malkowski, Marcin</subfield>
    <subfield code="9">4794</subfield>
  </datafield>
  <datafield tag="942" ind1=" " ind2=" ">
    <subfield code="2">lcc</subfield>
    <subfield code="c">B</subfield>
  </datafield>
  <datafield tag="999" ind1=" " ind2=" ">
    <subfield code="c">1326</subfield>
    <subfield code="d">1326</subfield>
  </datafield>
  <datafield tag="952" ind1=" " ind2=" ">
    <subfield code="0">0</subfield>
    <subfield code="1">0</subfield>
    <subfield code="4">0</subfield>
    <subfield code="7">0</subfield>
    <subfield code="a">BRCA</subfield>
    <subfield code="b">BRCA</subfield>
    <subfield code="d">2008-06-26</subfield>
    <subfield code="l">0</subfield>
    <subfield code="o">SB253 .P65 1996</subfield>
    <subfield code="p">01996</subfield>
    <subfield code="r">2019-03-22 00:00:00</subfield>
    <subfield code="w">2019-03-22</subfield>
    <subfield code="y">B</subfield>
  </datafield>
</record>
